00570nam a2200169 a 450000500170000000800410001702000180005805000180007624500280009426000590012230000170018144000260019865000200022465000210024499900190026595201160028420140412111338.0031007s19uu xx 00 eng d a983-172-350-3 aTR(PS EbBe35 aBefore it rains (just). aKuala Lumpur, Malaysia :bKiddibird Sdn., Bhd,c[n.d.] a16 p. ; ill. aLittle tadpole series aScience stories aChildren stories c105065d105065 00104050aELbELcTRd2003-10-07eLibFundg55.25l0oTR(PS E Be35pE9365r2014-04-12 00:00:00w2014-04-12yBK